Statistics for Australasia Country Quiz - Hard

Click here to take the quiz!

General Stats

  • This quiz has been taken 136 times
  • The average score is 8 of 11

Answer Stats

CapitalAnswer% Correct
CanberraAustralia
100%
WellingtonNew Zealand
99%
SuvaFiji
86%
ApiaSamoa
74%
Port VilaVanuatu
64%
Nuku'alofaTonga
63%
FunafutiTuvalu
63%
PalikirFederated States of Micronesia
61%
YarenNauru
58%
South TarawaKiribati
56%
NgerulmudPalau
56%

Score Distribution

Percentile by Number Answered

Percent of People with Each Score

Your Score History

You have not taken this quiz